000 00641nam a22001937a 4500
999 _c101374
_d101374
005 20181213104552.0
010 _aENG-115462
020 _a9789385493447
_c150.00
035 _aEN-98994
037 _bDBAD/PUB
082 _a350
245 _aRathore IAS Mains Public Administration(Optional) /
_cedited by Kunwar Ishwar Singh Rathore
250 _aed. 2016
260 _aNew Delhi
_bRathore Publishers & Distributors
_c2016
270 _a202, 2nd Floor 4832/24 Ansari Road,Daryaganj
_bNew Delhi
_e110002
300 _aVarious pages
_c24cm(pbk)
700 _aRathore,Kunwar Ishwar Singh
942 _2ddc
_cEN
_h350
_mRAT